| 000 | 00491nam a2200181Ia 4500 | ||
|---|---|---|---|
| 999 |
_c21260 _d21260 |
||
| 003 | OSt | ||
| 005 | 20200624103406.0 | ||
| 008 | 190216s9999||||xx |||||||||||||| ||und|| | ||
| 020 | _a9780230634060 | ||
| 040 | _coclc | ||
| 082 |
_a954 _bPRA/R |
||
| 100 |
_a Pradhan, Ram Chandra _93157 |
||
| 245 | 0 |
_aRaj To Swaraj / _cRam Chandra Pradhan |
|
| 260 |
_bMacmillan, _aDelhi: _c2008. |
||
| 300 | _a463p | ||
| 650 | _aHistory | ||
| 942 |
_cBK _2ddc _h954 _iPRA/R _k954 _mPRA/R |
||